Music Quiz

Random Music Quiz

'Jungle' - X Ambassadors Quiz Stats

Quiz not verified by Sporcle

Also try: Music by Numbers
Challenge
Share
Tweet
Embed
Score 0/217 Timer 05:00
0 Plays Today
% Correct
in
100%
the
100%
I
100%
to
100%
you
100%
the
100%
to
100%
the
100%
the
100%
to
100%
I
100%
I
100%
Won't
100%
you
100%
follow
100%
me
100%
into
100%
the
100%
jungle.
100%
in
100%
the
100%
the
100%
jungle.
100%
Won't
100%
you
100%
follow
100%
me
100%
into
100%
the
100%
jungle.
100%
in
100%
the
100%
the
100%
jungle.
100%
Won't
100%
you
100%
follow
100%
me
100%
into
100%
the
100%
jungle.
100%
I
100%
in
100%
the
100%
In
100%
the
100%
the
100%
I
100%
the
100%
I
100%
the
100%
the
100%
to
100%
me
100%
I
100%
I
100%
I
100%
Won't
100%
you
100%
follow
100%
me
100%
into
100%
the
100%
jungle.
100%
in
100%
the
100%
the
100%
jungle.
100%
Won't
100%
you
100%
follow
100%
me
100%
into
100%
% Correct
the
100%
jungle.
100%
in
100%
the
100%
the
100%
jungle.
100%
Won't
100%
you
100%
follow
100%
me
100%
into
100%
the
100%
jungle.
100%
to
100%
Ain't
83.3%
no
83.3%
God
83.3%
streets
83.3%
heart
83.3%
Ain't
83.3%
no
83.3%
God
83.3%
streets
83.3%
heart
83.3%
Ain't
83.3%
no
83.3%
God
83.3%
streets
83.3%
heart
83.3%
Ain't
83.3%
God
83.3%
streets
83.3%
heart
83.3%
too
75%
too
75%
too
75%
on
75%
of
75%
on
75%
these
75%
of
75%
of
75%
a
75%
on
75%
of
75%
on
75%
these
75%
of
75%
it's
66.7%
same
66.7%
it's
66.7%
it's
66.7%
my
66.7%
my
66.7%
It's
66.7%
same
66.7%
my
66.7%
Well
58.3%
old
58.3%
feel
58.3%
young
58.3%
there
58.3%
Oh
58.3%
Oh
58.3%
Oh
58.3%
Oh
58.3%
Oh
58.3%
city
58.3%
lights.
58.3%
lights.
58.3%
feel
58.3%
Oh
58.3%
Oh
58.3%
% Correct
Oh
58.3%
Oh
58.3%
Oh
58.3%
Oh
58.3%
Oh
58.3%
Oh
58.3%
Oh
58.3%
Yeah
50%
Yeah
50%
Yeah.
50%
cold
50%
die.
50%
Yeah.
50%
Yeah.
50%
Yeah.
50%
Yeah.
50%
Yeah.
50%
and
50%
Yeah.
50%
Yeah.
50%
Yeah.
50%
Yeah.
50%
lives.
41.7%
choose.
41.7%
Just
41.7%
lost
41.7%
mind
41.7%
neon
41.7%
just
41.7%
live
41.7%
long
33.3%
living
33.3%
walk
33.3%
line
33.3%
said
33.3%
said
33.3%
said
33.3%
said
33.3%
said
33.3%
forget
25%
best
25%
use.
25%
thunder
25%
like
16.7%
wit
16.7%
backstreets
16.7%
When
16.7%
rain.
16.7%
different
16.7%
not
16.7%
Will
8.3%
Lord.
8.3%
Lord.
8.3%
Lord.
8.3%
Lord
8.3%
child.
8.3%
Lord
8.3%
child.
8.3%
buildings
8.3%
heard
8.3%
name.
8.3%
Lord.
8.3%
Lord.
8.3%
Lord.
8.3%
Lord
8.3%
child.
8.3%
Lord
8.3%
child.
8.3%
Lord
8.3%
child.
8.3%
could
0%

You're not logged in!

Compare scores with friends on all Sporcle quizzes.
Sign Up with Email
OR
Log In

You Might Also Like...

Show Comments

Extras

Top Quizzes Today


Score Distribution

Your Account Isn't Verified!

In order to create a playlist on Sporcle, you need to verify the email address you used during registration. Go to your Sporcle Settings to finish the process.